Vzdelávacia politika v podmienkach konkrétnej organizácie diplomová práca

Guardado en:
Detalles Bibliográficos
Autor principal: Orbánová, Zuzana
Autor Corporativo: Národohospodárska fakulta EU. Katedra sociálneho rozvoja a práce
Otros Autores: Rievajová, Eva
Formato: Libro
Lenguaje:eslovaco
Publicado: Bratislava 2010
Etiquetas: Agregar Etiqueta
Sin Etiquetas, Sea el primero en etiquetar este registro!

MARC

LEADER 00000nam a2200000 4500
001 0118417
005 20240318123931.3
041 0 |a slo 
044 |a SK 
245 1 0 |a Vzdelávacia politika v podmienkach konkrétnej organizácie  |b diplomová práca  |c Zuzana Orbánová ; škol. Eva Rievajová 
264 1 |a Bratislava  |c 2010 
300 |a 82 s. 
100 1 |a Orbánová, Zuzana 
700 1 |a Rievajová, Eva 
710 2 |a Národohospodárska fakulta EU. Katedra sociálneho rozvoja a práce